| 000 | 00424nam a2200181Ia 4500 | ||
|---|---|---|---|
| 008 | 221030s9999 xx 000 0 und d | ||
| 020 | _a0070472645 | ||
| 041 | _aEnglish | ||
| 082 |
_a105.23 _bNew |
||
| 100 | _aJ. W. Newstrom | ||
| 245 | 0 | _aOrganizational Behavior - Human Behavior at Work | |
| 250 | _a11th | ||
| 260 |
_bTMH _aDelhi _c2005 |
||
| 300 | _a534 | ||
| 650 | _aManagement | ||
| 700 | _aK. Davis | ||
| 942 | _cBK | ||
| 999 |
_c132 _d132 |
||